[Event "Edmonton-ch"]
[Site "Edmonton"]
[Date "2019.01.17"]
[Round "1.2"]
[White "Ivanescu, Mark"]
[Black "Briones, Dante"]
[Result "1-0"]
[WhiteElo "2040"]
[BlackElo "1924"]
[PlyCount "85"]
[EventDate "2019.01.10"]
[EventType "swiss"]
[EventRounds "4"]
[EventCountry "CAN"]
[SourceTitle "EXT 2022"]
[Source "ChessBase"]
[SourceDate "2021.10.06"]
[SourceVersion "1"]
[SourceVersionDate "2021.10.06"]
[SourceQuality "1"]

1. d4 d5 2. Bf4 Nf6 3. Nf3 c5 4. e3 Nc6 5. c3 e6 6. Nbd2 Be7 7. Ne5 Nxe5 8. dxe5 Nd7 9. Bd3 Qc7 10. Nf3 h6 11. h4 b6 12. Qe2 Bb7 13. h5 a6 14. Rh3 c4 15. Bc2 0-0-0 16. Rg3 Rdg8 17. e4 Nc5 18. exd5 Bxd5 19. 0-0-0 b5 20. Qe3 Qa5 21. Kb1 Kb7 22. Nd2 Qb6 23. Ne4 Nxe4 24. Bxe4 Qxe3 25. Bxd5+ exd5 26. Bxe3 Kc6 27. Bd4 Bc5 28. Bxc5 Kxc5 29. Rd4 Re8 30. Rxg7 Rxe5 31. Rxf7 Rxh5 32. Rg4 Re8 33. b4+ cxb3 34. axb3 b4 35. cxb4+ Kb5 36. Kc2 Rhe5 37. Kc3 Re2 38. Rc7 R8e5 39. Rg6 Re6 40. Rxe6 Rxe6 41. Rc5+ Kb6 42. Rxd5 Rf6 43. f3 1-0

[Event "Edmonton-ch"]
[Site "Edmonton"]
[Date "2018.01.18"]
[Round "2.1"]
[White "Arruebarrena Rodriguez, Rafael"]
[Black "Briones, Dante"]
[Result "1-0"]
[WhiteElo "2251"]
[BlackElo "1971"]
[PlyCount "57"]
[EventDate "2018.01.04"]
[EventType "k.o."]
[EventRounds "4"]
[EventCountry "CAN"]
[SourceTitle "EXT 2024"]
[Source "ChessBase"]
[SourceDate "2023.10.10"]
[SourceVersion "1"]
[SourceVersionDate "2023.10.10"]
[SourceQuality "1"]

1. e4 e6 2. d4 d5 3. Nc3 Bb4 4. e5 c5 5. a3 Bxc3+ 6. bxc3 Qa5 7. Bd2 Ne7 8. Qg4 0-0 9. Bd3 c4 10. Bxh7+ Kxh7 11. Qh4+ Kg8 12. Qxe7 Nc6 13. Qh4 Qa4 14. Ra2 Qb5 15. Ra1 Qb2 16. Rc1 Qxa3 17. Nf3 f6 18. 0-0 a5 19. Ra1 Qb2 20. Rfc1 a4 21. exf6 Rxf6 22. Qh5 Qb6 23. Ng5 Qd8 24. Qh7+ Kf8 25. Qh8+ Ke7 26. Qxg7+ Kd6 27. Nf7+ Rxf7 28. Qxf7 Na5 29. Rxa4 1-0

[Event "Alberta op"]
[Site "Edmonton"]
[Date "2017.10.09"]
[Round "6"]
[White "Zhao, Ian"]
[Black "Briones, Dante"]
[Result "1-0"]
[WhiteElo "1742"]
[BlackElo "1984"]
[PlyCount "107"]
[EventDate "2017.10.07"]
[EventType "swiss"]
[EventRounds "6"]
[EventCountry "CAN"]
[SourceTitle "EXT 2019"]
[Source "ChessBase"]
[SourceDate "2018.10.10"]
[SourceVersion "1"]
[SourceVersionDate "2018.10.10"]
[SourceQuality "1"]

1. e4 e6 2. d3 Nc6 3. Nf3 d6 4. g3 Nf6 5. Bg2 e5 6. 0-0 Be7 7. Re1 Bg4 8. h3 Be6 9. c3 Qc8 10. Kh2 0-0 11. Nbd2 Ne8 12. d4 Bd7 13. dxe5 dxe5 14. Nc4 f6 15. Qc2 Be6 16. Ne3 a6 17. Bd2 Bc5 18. Rad1 b5 19. Bc1 Nd6 20. Nh4 g6 21. f4 Bd7 22. Rf1 Ne7 23. fxe5 fxe5 24. Nd5 Nxd5 25. Rxf8+ Qxf8 26. Rxd5 Bb6 27. Rxe5 Nc4 28. Rd5 Bc6 29. Rd1 Qe7 30. Re1 Re8 31. Qe2 Bd7 32. Nf3 Bc6 33. Nd4 Bb7 34. Qg4 Ne5 35. Qe2 c5 36. Nf3 Nd7 37. Nd2 Bc7 38. Nf1 Rf8 39. Bh6 Rf7 40. Qe3 Ne5 41. Nd2 c4 42. Nf3 Nd3 43. Re2 Qd8 44. Nd4 Qe8 45. Bg5 Bc8 46. Nf3 Qe6 47. Nd4 Qd7 48. Nf3 Rf8 49. e5 Qe6 50. Bh6 Re8 51. Ng5 Qd7 52. e6 Qd6 53. Qf3 Qe7 54. Qf7+ 1-0

[Event "Alberta op"]
[Site "Edmonton"]
[Date "2017.10.07"]
[Round "1"]
[White "Briones, Dante"]
[Black "Robertson, Trevor"]
[Result "1-0"]
[WhiteElo "1984"]
[BlackElo "1637"]
[PlyCount "77"]
[EventDate "2017.10.07"]
[EventType "swiss"]
[EventRounds "6"]
[EventCountry "CAN"]
[SourceTitle "EXT 2019"]
[Source "ChessBase"]
[SourceDate "2018.10.10"]
[SourceVersion "1"]
[SourceVersionDate "2018.10.10"]
[SourceQuality "1"]

1. e4 e6 2. d4 d5 3. e5 c5 4. c3 Nc6 5. Nf3 Qb6 6. Bd3 cxd4 7. cxd4 Nge7 8. 0-0 Nf5 9. Bxf5 exf5 10. Nc3 Be6 11. a3 Be7 12. b4 0-0 13. Be3 h6 14. h4 a6 15. Qd2 Kh7 16. Rfe1 Qd8 17. g3 b5 18. Rac1 Rc8 19. Kg2 Rg8 20. Ne2 f6 21. Nf4 Bf7 22. e6 Be8 23. Qd3 g6 24. h5 Bf8 25. hxg6+ Bxg6 26. Nxg6 Rxg6 27. Nh4 Ne7 28. Nxg6 Rxc1 29. Nxf8+ Qxf8 30. Rxc1 h5 31. Rc7 Qg7 32. Bf4 h4 33. Bd6 h3+ 34. Kh2 Qg4 35. Rxe7+ Kg6 36. Re8 Kh7 37. Rf8 Kg7 38. Rf7+ Kg6 39. Bf8 1-0

[Event "Edmonton op qual 10th"]
[Site "Edmonton"]
[Date "2015.05.02"]
[Round "2"]
[White "Briones, Dante"]
[Black "Rekhson, Vladislav"]
[Result "0-1"]
[WhiteElo "1930"]
[BlackElo "2096"]
[PlyCount "62"]
[EventDate "2015.05.02"]
[EventType "swiss"]
[EventRounds "5"]
[EventCountry "CAN"]
[SourceTitle "EXT 2017"]
[Source "ChessBase"]
[SourceDate "2016.10.25"]
[SourceVersion "1"]
[SourceVersionDate "2016.10.25"]
[SourceQuality "1"]

1. e4 e5 2. Nf3 Nc6 3. c3 d5 4. Qa4 Bd7 5. exd5 Nd4 6. Qd1 Nxf3+ 7. Qxf3 Nf6 8. Bc4 e4 9. Qe3 Bd6 10. d3 0-0 11. dxe4 Nxe4 12. 0-0 Re8 13. Qf3 Qh4 14. g3 Nxg3 15. hxg3 Qxc4 16. Be3 Bg4 17. Qg2 Re5 18. Bd4 Rh5 19. Qe4 f5 20. Qe6+ Kh8 21. Qf7 Rh1+ 22. Kxh1 Qxf1+ 23. Kh2 Rg8 24. Nd2 Qxa1 25. Kg2 Qe1 26. Be3 Bxg3 27. Nc4 Bxf2 28. Bxf2 Qe4+ 29. Kh2 Qxc4 30. Bd4 h6 31. Qg6 Qa6 0-1

[Event "Edmonton-ch"]
[Site "Edmonton"]
[Date "2015.01.15"]
[Round "1.2"]
[White "Briones, Dante"]
[Black "Gardner, Robert"]
[Result "0-1"]
[WhiteElo "1932"]
[BlackElo "2095"]
[PlyCount "62"]
[EventDate "2015.01.08"]
[EventType "k.o."]
[EventRounds "3"]
[EventCountry "CAN"]
[SourceTitle "EXT 2019"]
[Source "ChessBase"]
[SourceDate "2018.10.10"]
[SourceVersion "1"]
[SourceVersionDate "2018.10.10"]
[SourceQuality "1"]

1. e4 g6 2. Nc3 Bg7 3. d4 d6 4. Be3 a6 5. Qd2 b5 6. f3 Nd7 7. 0-0-0 Bb7 8. h4 c5 9. Nh3 c4 10. Ng5 Rc8 11. a3 Qb6 12. e5 d5 13. Bf2 h6 14. Nh3 e6 15. Nb1 a5 16. Be1 Ra8 17. f4 Bf8 18. h5 b4 19. Qe3 c3 20. hxg6 cxb2+ 21. Kd2 fxg6 22. Bd3 Ne7 23. Ke2 Ba6 24. g4 bxa3 25. Nxa3 Nc6 26. Nb1 Qxd4 27. Ng5 Qxe3+ 28. Kxe3 Bc5+ 29. Kf3 Bxd3 30. cxd3 Ke7 31. Nh3 a4 0-1

[Event "Edmonton Reserves"]
[Site "Edmonton"]
[Date "2014.06.28"]
[Round "2"]
[White "Briones, Dante"]
[Black "Miller, David"]
[Result "1/2-1/2"]
[WhiteElo "1968"]
[BlackElo "2219"]
[PlyCount "116"]
[EventDate "2014.06.28"]
[EventType "swiss"]
[EventRounds "5"]
[EventCountry "CAN"]
[SourceTitle "EXT 2022"]
[Source "ChessBase"]
[SourceDate "2021.10.06"]
[SourceVersion "1"]
[SourceVersionDate "2021.10.06"]
[SourceQuality "1"]

1. e4 e5 2. d4 exd4 3. c3 dxc3 4. Bc4 cxb2 5. Bxb2 d5 6. Bxd5 Nf6 7. Bxf7+ Kxf7 8. Qxd8 Bb4+ 9. Qd2 Bxd2+ 10. Nxd2 Re8 11. f3 Nc6 12. Ne2 Nb4 13. 0-0 Be6 14. a3 Red8 15. Rfd1 Nc2 16. Rac1 Ne3 17. Rxc7+ Kg8 18. Bxf6 gxf6 19. Re1 Rxd2 20. Nf4 Nc2 21. Rb1 Nd4 22. Rbxb7 Ne2+ 23. Nxe2 Rxe2 24. Rg7+ Kf8 25. Rxh7 a6 26. Rhg7 Rb8 27. h4 Re1+ 28. Kf2 Rb1 29. Ra7 R8b2+ 30. Kg3 Rg1 31. Kh2 Rgb1 32. h5 Rb5 33. g4 R1b2+ 34. Kg3 Rg5 35. Rgc7 Rb8 36. Rxa6 Re8 37. Kf4 Rg7 38. Rxg7 Kxg7 39. g5 fxg5+ 40. Kxg5 Re7 41. f4 Bc4 42. Rg6+ Kh7 43. e5 Bd3 44. Kf6 Re8 45. Kf7 Bb5 46. e6 Ra8 47. f5 Rxa3 48. Rg7+ Kh8 49. Rg8+ Kh7 50. Rc8 Be2 51. f6 Bxh5+ 52. Kf8 Ra6 53. Ke7 Ra7+ 54. Kd6 Ra6+ 55. Rc6 Rxc6+ 56. Kxc6 Kg6 57. f7 Kg7 58. Kd6 Bxf7 1/2-1/2

[Event "Edmonton int qual"]
[Site "Edmonton"]
[Date "2014.05.31"]
[Round "2"]
[White "Gardner, Robert"]
[Black "Briones, Dante"]
[Result "1-0"]
[WhiteElo "2301"]
[BlackElo "2029"]
[PlyCount "115"]
[EventDate "2014.05.31"]
[EventType "swiss"]
[EventRounds "5"]
[EventCountry "CAN"]
[SourceTitle "EXT 2022"]
[Source "ChessBase"]
[SourceDate "2021.10.06"]
[SourceVersion "1"]
[SourceVersionDate "2021.10.06"]
[SourceQuality "1"]

1. d4 d5 2. c4 c6 3. Nf3 Nf6 4. Nc3 e6 5. Bg5 Qa5 6. cxd5 Nxd5 7. Bd2 Nxc3 8. bxc3 Qc7 9. e4 Be7 10. Bd3 b6 11. Qe2 Bb7 12. 0-0 Nd7 13. e5 h6 14. a4 a6 15. c4 Nf8 16. Rfc1 Qd8 17. Be3 Nh7 18. Qc2 Nf8 19. Rab1 Nd7 20. c5 Rc8 21. Nd2 b5 22. Ne4 Kf8 23. f4 h5 24. Rf1 g6 25. Rf3 Kg7 26. Nd6 Bxd6 27. exd6 Re8 28. Rg3 Qf6 29. Rf1 Kh8 30. Rff3 Rg8 31. Rg5 Rg7 32. Qf2 bxa4 33. f5 exf5 34. Bxf5 gxf5 35. Rfxf5 Qe6 36. Rxg7 Kxg7 37. Qg3+ Kf8 38. Rxh5 Qf6 39. Bh6+ Ke8 40. Qg8+ Nf8 41. Re5+ Kd7 42. Re7+ Qxe7 43. dxe7 Kxe7 44. Qg5+ Ke8 45. Bxf8 Kxf8 46. Qh6+ Kg8 47. Qe3 a5 48. Qa3 Ra8 49. Qxa4 Ra6 50. h4 Kg7 51. Kh2 Bc8 52. Kg3 Be6 53. Kf4 Bd5 54. g4 Ra8 55. h5 Kh6 56. Kf5 Ra7 57. g5+ Kxh5 58. Qd1+ 1-0